Statistics for Biggest Cities in Andorra

Click here to take the quiz!

General Stats

  • This quiz has been taken 83 times
  • The average score is 4 of 10

Answer Stats

PopulationCity% Correct
20,430Andorra la Vella
100%
11,223Encamp
53%
15,853Escaldes
46%
7,211La Massana
43%
3,066Ordino
43%
3,292Canillo
41%
8,022Sant Julià de Lòria
34%
1,419Arinsal
28%
2,363Pas de la Casa
28%
1,052El Tarter
15%

Score Distribution

Percentile by Number Answered

Percent of People with Each Score

Your Score History

You have not taken this quiz